G70-福银高速公路途径行政区 - Statistics

General Stats
  • This quiz has been taken 12 times
  • The average score is 25 of 28
Answer Stats
Answer % Correct
福州
100%
三明
100%
南平
100%
南昌
90%
九江
90%
黄冈
90%
黄石
90%
鄂州
90%
武汉
90%
孝感
90%
随州
90%
襄阳
90%
十堰
90%
商洛
90%
西安
90%
咸阳
90%
平凉
90%
庆阳
90%
中卫
90%
吴忠
90%
银川
90%
三明
80%
南平
80%
抚州
80%
平凉
80%
固原
80%
中卫
80%
吴忠
80%
No matching quizzes found
Score Distribution
Percent of People with Each Score
Percentile by Number Answered
Your Score History
You have not taken this quiz